1996/97 product catalog for microbiology

Kaydedildi:
Detaylı Bibliyografya
Materyal Türü: Kitap
Dil:Undetermined
Baskı/Yayın Bilgisi: Thành phố Hồ Chí Minh OSI Vietnam 1997
Konular:
Etiketler: Etiketle
Etiket eklenmemiş, İlk siz ekleyin!
Thư viện lưu trữ: Trung tâm Học liệu Trường Đại học Cần Thơ
LEADER 00485nam a2200169Ia 4500
001 CTU_160559
008 210402s9999 xx 000 0 und d
082 |a 660.63016 
082 |b D569 
245 0 |a 1996/97 product catalog for microbiology 
245 0 |c DIFCO laboratories 
260 |a Thành phố Hồ Chí Minh 
260 |b OSI Vietnam 
260 |c 1997 
650 |a Biochemical engineering 
904 |i Giang 
980 |a Trung tâm Học liệu Trường Đại học Cần Thơ